| 000 | 00523nam a2200181Ia 4500 | ||
|---|---|---|---|
| 999 |
_c1733 _d1733 |
||
| 003 | OSt | ||
| 005 | 20200924142043.0 | ||
| 008 | 190216s9999||||xx |||||||||||||| ||und|| | ||
| 020 | _a8171418910 | ||
| 040 | _coclc | ||
| 082 |
_a572.46 _bMIS/P |
||
| 100 |
_aMishra, Shubhrata R _94845 |
||
| 245 | 0 |
_aPhotosynthesis In Plants / _cShubhrata R Mishra |
|
| 260 |
_bDiscovery Publishing House, _aNew Delhi: _c2004. |
||
| 300 | _a268p | ||
| 650 | _aBotany | ||
| 942 |
_cBK _2ddc _h572.46 _iMIS/P _k572.46 _mMIS/P |
||